000 00554nam a2200205 4500
001 111275
003 ES-MaACL
005 20240430093533.0
007 t|
008 061121s1984 sp r ||||1| spa d
020 _a84-359-0382-5
100 1 _aOliva, Jorge.
_986730
245 1 0 _aDonde una llama nunca se apaga /
_cJorge Oliva.
260 _aMadrid :
_bPlayor,
_c1984.
300 _a77 p. ;
_c19 cm.
490 1 _aNueva poesía
830 0 _aNueva poesía (Playor)
_9180866
852 _aES-MaACL
_jL-11165
_bR.108793
999 _c111275
_d111275